| 000 | 02469agaaa2200325 4500 | ||
|---|---|---|---|
| 001 | 4118 | ||
| 003 | IT-RoPAU | ||
| 005 | 20220918181222.0 | ||
| 007 | d cvaizq | ||
| 008 | 50131s9999||||xx ||| | || ||und|| | ||
| 040 |
_aIT-RoPAU _cIT-RoPAU |
||
| 041 | _aITALIANO | ||
| 100 |
_aDi Diodato Roberto _gCodice regista SPICS: 55765 _936491 |
||
| 130 |
_aCAMMINO DI DIO CON L'UOMO (IL) - IL TEMPO DEI PROFETI _936492 |
||
| 245 |
_aCAMMINO DI DIO CON L'UOMO (IL) - IL TEMPO DEI PROFETI _cProdotto da: Telenova-Sat2000-Ita -- Sceneggiatura: Gianantonio Borgonovo, Primo Gironi -- Diretto da: Di Diodato Roberto _pCAMMINO DI DIO CON L'UOMO (IL) - IL TEMPO DEI PROFETI (Rif. Codice opera principale : H4118) |
||
| 250 | _aEdizione Standard | ||
| 260 |
_aMILANO (ITALIA) _bMULTIMEDIA SAN PAOLO / _g"2003 (1° ed.: 2003 ; Ed. Lingua Orig.: 2003)" |
||
| 300 |
_aVHS _bsonoro, col. _c55 minuti |
||
| 508 | _a"Fotografia: Soetje Russo Melis; Montaggio: Maurizio Alba; Musica: AA.VV. ; Sceneggiatura: Gianantonio Borgonovo, Primo Gironi; Soggetto: Borgonovo Gianantonio -- Gironi Primo" | ||
| 520 | _a"""IL CAMMINO DI DIO CON L'UOMO"" E' LA PIU' RECENTE E APPROFONDITA INDAGINE SULLE PAGINE PIU' DIFFICILI E MENO CONOSCIUTE DELL'ANTICO TESTAMENTO. UNA SPECIE DI GRANDE QUARK CHE INTENDE AVVICINARE LA GENTE ALLA PAROLA DI DIO PER FARNE SCOPRIRE IL FASCINO ETERNO E MISTERIOSO. LE IMMAGINI SONO STATE GIRATE NEI LUOGHI PIU' IMPORTANTI E NEI SITI ARCHEOLOGICI PIU' ANTICHI E SUGGESTIVI DEL VICINO ANTICO ORIENTE. EPISODI DI QUESTA CASSETTA N.35: 1. IL PROFETISMO BIBLICO; 2. IL PROFETISMO NELL'AMBIENTE DELLE CIVILTA' MEDIORIENTALI; 3. IL ""CICLO"" ELIA E I ""FIORETTI"" DI ELISEO; 4. I PROFETI SCRITTORI; 5. AMOS CONTRO I RICCHI; 6. IL SIMBOLISMO NUZIALE DI OSEA; 7. I TRE ISAIA; 8. IL DRAMMA DI GEREMIA; 9. IL SIGNIFICATO DELL'ESILIO BABILONESE; 10. ESDRA ENEEMIA. FILM A COLORI, DISTRIBUITO DA MULTIMEDIA SAN PAOLO." | ||
| 538 | _aPAL, STEREO | ||
| 546 | _aITALIANO | ||
| 650 |
_aDOCUMENTARIO _eFILMS [VHS] _xCodice MATERIA SPICS: 9960 _934095 |
||
| 700 |
_aAA.VV. _e(musica) _gCodice Musica SPICS: 12000 _936493 |
||
| 700 |
_aBorgonovo Gianantonio _e(soggetto) _gCodice Soggetto SPICS: 57465 _936494 |
||
| 700 |
_aDi Diodato Roberto _e(regista) _gCodice regista SPICS: 55765 _936495 |
||
| 700 |
_aGironi Primo _e(soggetto) _gCodice Soggetto 2° SPICS: 34827 _936496 |
||
| 700 |
_aGiuliani Stefania _e(regista) _gCodice secondo regista SPICS: 57464 _936497 |
||
| 942 |
_cVH _2ddc |
||
| 999 |
_c104578 _d104578 |
||